[Event "II Festival Server24 B"]
[Site "Ortisei - Sankt Ulrich in Groeden ITA"]
[Date "2013.06.08"]
[Round "8"]
[White "Thurner, Markus"]
[Black "Gurschler, Thomas"]
[WhiteElo "1972"]
[BlackElo "1778"]
[Result "1/2-1/2"]
[PlyCount "71"]
[EventDate "2013.06.01"]

1. f4 g6 2. Nf3 Bg7 3. e3 d5 4. Be2 Nf6 5. O-O O-O 6. d3 c5 7. Qe1 Nc6 8. Bd1
b6 9. Qh4 e6 10. Nbd2 Nh5 11. Qf2 Nf6 12. e4 dxe4 13. Nxe4 Nxe4 14. dxe4 e5 15.
c3 Qc7 16. Bb3 Ba6 17. Rd1 c4 18. Bc2 Rad8 19. Rxd8 Rxd8 20. Qh4 Qd6 21. fxe5
Nxe5 22. Bf4 Nxf3+ 23. gxf3 Bf6 24. Bxd6 Bxh4 25. Rd1 Bb7 26. Kg2 Bf6 27. Kg3
Bg7 28. Bf4 Rxd1 29. Bxd1 Kf8 30. Ba4 a6 31. Bd6+ Kg8 32. Bd7 Bh6 33. e5 Bd5
34. Bc8 Bc1 35. Ba3 a5 36. h4 1/2-1/2

[Event "II Festival Server24 B"]
[Site "Ortisei - Sankt Ulrich in Groeden ITA"]
[Date "2013.06.09"]
[Round "9"]
[White "Boscolo, Ampelio"]
[Black "Olivetti, Davide"]
[WhiteElo "1820"]
[BlackElo "1691"]
[Result "0-1"]
[PlyCount "59"]
[EventDate "2013.06.01"]

1. Nf3 Nf6 2. d4 c5 3. e3 d5 4. c3 Nc6 5. Bd3 Qc7 6. Nbd2 e5 7. dxe5 Nxe5 8.
Nxe5 Qxe5 9. Nf3 Qh5 10. Qa4+ Bd7 11. Bb5 Bd6 12. b4 cxb4 13. cxb4 Qg4 14.
Bxd7+ Nxd7 15. Nd4 Qxg2 16. Rf1 b5 17. Nxb5 Be5 18. Nd4 Bxd4 19. exd4 Rc8 20.
Be3 Qh3 21. Qxa7 O-O 22. b5 Rfe8 23. Qa3 Nb6 24. Qd3 Nc4 25. Rc1 Nxe3 26. Rxc8
Ng2+ 27. Kd2 Qxc8 28. Qg3 Re2+ 29. Kxe2 Qc2+ 30. Kf3 0-1

[Event "II Festival Server24 B"]
[Site "Ortisei - Sankt Ulrich in Groeden ITA"]
[Date "2013.06.09"]
[Round "9"]
[White "Tomio, Dante"]
[Black "Gurschler, Thomas"]
[WhiteElo "1849"]
[BlackElo "1778"]
[Result "1/2-1/2"]
[PlyCount "26"]
[EventDate "2013.06.01"]

1. d4 g6 2. c4 Bg7 3. Nc3 d6 4. e4 Nc6 5. Be3 e5 6. d5 Nce7 7. Bd3 f5 8. f3 Nf6
9. Qd2 O-O 10. Bh6 fxe4 11. Nxe4 Nxe4 12. Bxe4 Bf5 13. Bxg7 Kxg7 1/2-1/2

[Event "C.to Italiano U12 femminile"]
[Site "Courmayeur ITA"]
[Date "2013.07.01"]
[Round "2"]
[White "Centelli, Elena"]
[Black "Giordano, Giulia"]
[WhiteElo "1386"]
[BlackElo "1632"]
[Result "0-1"]
[PlyCount "118"]
[EventDate "2013.06.30"]

1. e4 d5 2. exd5 Qxd5 3. Nc3 Qa5 4. Nf3 Nf6 5. d4 c6 6. Bd2 Qc7 7. Bd3 Bg4 8.
h3 Bh5 9. g4 Bg6 10. Bxg6 hxg6 11. Qe2 Na6 12. g5 Nb4 13. O-O-O Nfd5 14. Nxd5
Nxd5 15. Qe5 O-O-O 16. Qxc7+ Nxc7 17. Be3 f6 18. h4 e6 19. c4 Kb8 20. Bf4 Bd6
21. Bxd6 Rxd6 22. c5 Rd5 23. Kb1 Rf5 24. Rd3 Nd5 25. Rh2 Rd8 26. Nd2 Nf4 27.
Rf3 Rxd4 28. Nb3 Rd3 29. Rxd3 Nxd3 30. Nd4 Rxc5 31. Rh1 Re5 32. f3 c5 33. Rd1
cxd4 34. Rxd3 Re1+ 35. Kc2 e5 36. Kb3 Rh1 37. gxf6 gxf6 38. f4 Rxh4 39. fxe5
fxe5 40. Kc4 Kc7 41. Kd5 Rh5 42. Rg3 Rh2 43. Rb3 Re2 44. a4 Re3 45. Rb4 g5 46.
Rc4+ Kd7 47. Rc1 g4 48. Rg1 g3 49. Rg2 d3 50. Kc4 Kd6 51. Kc3 Rf3 52. Kd2 Rf2+
53. Rxf2 gxf2 54. Kxd3 f1=Q+ 55. Kc3 e4 56. b4 Qd3+ 57. Kb2 e3 58. a5 e2 59. b5
e1=R 0-1

[Event "C.to Italiano U12 femminile"]
[Site "Courmayeur ITA"]
[Date "2013.07.01"]
[Round "3"]
[White "Giordano, Giulia"]
[Black "Albi Bachini Conti, Silvia"]
[WhiteElo "1632"]
[BlackElo "1507"]
[Result "1/2-1/2"]
[PlyCount "51"]
[EventDate "2013.06.30"]

1. e4 d5 2. exd5 Qxd5 3. Nc3 Qa5 4. d4 c6 5. Nf3 Nf6 6. Bc4 Bf5 7. O-O Nbd7 8.
Re1 e6 9. Bd2 Qc7 10. Qe2 Bd6 11. Ne5 O-O 12. Bf4 Nd5 13. Nxd5 cxd5 14. Bd3
Bxd3 15. Qxd3 Rac8 16. c3 Rfd8 17. Bg3 Nxe5 18. Bxe5 Bxe5 19. Rxe5 Qc4 20. Qf3
Qb5 21. Re2 Qa4 22. Qd3 Qc4 23. Qc2 b5 24. Re3 b4 25. Rh3 h6 26. Qd2 1/2-1/2

[Event "C.to Italiano U12 femminile"]
[Site "Courmayeur ITA"]
[Date "2013.07.02"]
[Round "4"]
[White "Manguerra, Lyn Jane"]
[Black "Giordano, Giulia"]
[WhiteElo "1622"]
[BlackElo "1632"]
[Result "0-1"]
[PlyCount "76"]
[EventDate "2013.06.30"]

1. e4 c5 2. Nf3 d6 3. d4 cxd4 4. Nxd4 Nf6 5. Nc3 a6 6. Be3 e6 7. Be2 Be7 8. f4
Qc7 9. O-O O-O 10. Qe1 Nbd7 11. Nb3 b5 12. a3 Bb7 13. Nd2 Nc5 14. Bf3 Rfd8 15.
Bf2 e5 16. Bg3 Ne6 17. Be2 exf4 18. Bxf4 Nxf4 19. Rxf4 d5 20. Qf1 Bc5+ 21. Kh1
Be3 22. Rxf6 gxf6 23. Nf3 dxe4 24. Nh4 Bg5 25. Nf5 Qe5 26. Bg4 Rd2 27. Re1 e3
28. Re2 Rad8 29. Qg1 Rxe2 30. Nxe2 Qe4 31. Bh3 Qxc2 32. Nfd4 Qxb2 33. Qd1 Qd2
34. Qa1 Be4 35. Bf5 Bxf5 36. Nxf5 Qd1+ 37. Qxd1 Rxd1+ 38. Ng1 e2 0-1

[Event "C.to Italiano U12 femminile"]
[Site "Courmayeur ITA"]
[Date "2013.07.03"]
[Round "5"]
[White "Giordano, Giulia"]
[Black "Giovagnetti, Chiara"]
[WhiteElo "1632"]
[BlackElo "1518"]
[Result "0-1"]
[PlyCount "186"]
[EventDate "2013.06.30"]

1. d4 Nf6 2. Nf3 c5 3. e3 e6 4. c4 d5 5. Nc3 Nc6 6. Be2 Be7 7. O-O O-O 8. b3 b6
9. Bb2 Bb7 10. Rc1 Rc8 11. Re1 Re8 12. Bd3 Bd6 13. Bb1 dxc4 14. bxc4 cxd4 15.
Nxd4 Na5 16. Ndb5 Bb8 17. Qe2 Nxc4 18. Red1 Qe7 19. Ba1 Nd6 20. Nxd6 Bxd6 21.
Nb5 Rxc1 22. Rxc1 Ba6 23. Bxf6 Qxf6 24. Bxh7+ Kxh7 25. Qc2+ Qg6 26. Nxd6 Qxc2
27. Rxc2 Re7 28. h3 Rd7 29. Rd2 Kg6 30. Kh2 f5 31. Kg3 Bb5 32. Kf4 Kf6 33. Ne8+
Kf7 34. Rxd7+ Bxd7 35. Nd6+ Kf6 36. Nc4 g5+ 37. Kg3 e5 38. a3 Be6 39. Nb2 Ke7
40. h4 gxh4+ 41. Kxh4 Kd6 42. Kg5 b5 43. Nd3 e4 44. Nb4 a5 45. Nc2 Bd7 46. Kf6
Bc8 47. Nd4 Bd7 48. Nc2 Kd5 49. Nd4 Kd6 50. Nb3 a4 51. Nd4 Kd5 52. Ke7 Bc6 53.
Nc2 Kc4 54. Nd4 Kd5 55. Kd8 f4 56. Kc7 fxe3 57. fxe3 Be8 58. Kb6 Kc4 59. Ka5
Kd3 60. Nf5 Bd7 61. g4 Kc3 62. Nd6 Bxg4 63. Kxb5 Bd7+ 64. Kc5 Kd3 65. Nc4 Be6
66. Nd6 Kxe3 67. Nxe4 Kxe4 68. Kb4 Bd7 69. Kc3 Kd5 70. Kd3 Bb5+ 71. Kc3 Ke4 72.
Kb4 Be8 73. Kc4 Ke3 74. Kc3 Bd7 75. Kc2 Kd4 76. Kd2 Bf5 77. Kc1 Kc3 78. Kd1 Kb3
79. Kd2 Bg6 80. Kc1 Kxa3 81. Kd2 Kb2 82. Ke3 a3 83. Kd2 a2 84. Ke3 a1=Q 85. Kd2
Qc1+ 86. Ke2 Qc3 87. Kf2 Kc2 88. Ke2 Bh5+ 89. Kf2 Qf3+ 90. Kg1 Kd2 91. Kh2 Ke2
92. Kg1 Qf2+ 93. Kh1 Bf3# 0-1

[Event "C.to Italiano U12 femminile"]
[Site "Courmayeur ITA"]
[Date "2013.07.03"]
[Round "6"]
[White "Giovagnetti, Chiara"]
[Black "Palma, Maria"]
[WhiteElo "1518"]
[BlackElo "1620"]
[Result "1/2-1/2"]
[PlyCount "56"]
[EventDate "2013.06.30"]

1. e4 e5 2. Nf3 Nc6 3. d4 exd4 4. Bc4 Bc5 5. c3 Nf6 6. cxd4 Bb4+ 7. Bd2 Nxe4 8.
Bxb4 Nxb4 9. Bxf7+ Kxf7 10. Qb3+ Kf8 11. Qxb4+ Qe7 12. Qxe7+ Kxe7 13. Nc3 Nxc3
14. bxc3 Re8 15. O-O Kf8 16. Rfe1 Rxe1+ 17. Rxe1 d6 18. Ng5 Bf5 19. Ne6+ Bxe6
20. Rxe6 Re8 21. Rxe8+ Kxe8 22. Kf1 d5 23. Ke2 Ke7 24. Kd3 Kd6 25. f4 g6 26. g4
Ke6 27. h3 b6 28. a3 a6 1/2-1/2

[Event "C.to Italiano U12 femminile"]
[Site "Courmayeur ITA"]
[Date "2013.07.04"]
[Round "7"]
[White "Palma, Maria"]
[Black "Manguerra, Lyn Jane"]
[WhiteElo "1620"]
[BlackElo "1622"]
[Result "1/2-1/2"]
[PlyCount "55"]
[EventDate "2013.06.30"]

1. e4 c5 2. Nf3 Nc6 3. Nc3 d6 4. Bc4 Nf6 5. d3 e6 6. Qe2 Qc7 7. a3 Be7 8. Bd2
a6 9. Ba2 b5 10. O-O Bb7 11. Be3 O-O 12. h3 Rfd8 13. Rad1 d5 14. exd5 Nxd5 15.
Nxd5 exd5 16. d4 c4 17. c3 Bc8 18. Bb1 Be6 19. Bc1 h6 20. Qc2 f5 21. Rfe1 Qd6
22. Qe2 Kf7 23. Ne5+ Nxe5 24. Qxe5 Qxe5 25. Rxe5 Bd6 26. Re2 Rf8 27. Rde1 Rae8
28. Bc2 1/2-1/2

[Event "C.to Italiano U12 femminile"]
[Site "Courmayeur ITA"]
[Date "2013.07.05"]
[Round "8"]
[White "Palma, Maria"]
[Black "Giordano, Giulia"]
[WhiteElo "1620"]
[BlackElo "1632"]
[Result "1/2-1/2"]
[PlyCount "112"]
[EventDate "2013.06.30"]

1. e4 c5 2. Nf3 d6 3. d4 cxd4 4. Nxd4 Nf6 5. Nc3 a6 6. Bc4 e6 7. a3 b5 8. Ba2
Be7 9. O-O O-O 10. Re1 Qc7 11. h3 Rd8 12. Bg5 h6 13. Bh4 Nc6 14. Bg3 Bb7 15.
Qd2 Nxd4 16. Qxd4 Rac8 17. Rad1 Qc5 18. Qxc5 dxc5 19. e5 Nh5 20. Ne2 Nxg3 21.
Nxg3 Rxd1 22. Rxd1 Rd8 23. Rxd8+ Bxd8 24. c3 Bg5 25. Ne2 Bd2 26. Bb1 Bd5 27.
Bd3 c4 28. Bc2 Kf8 29. g3 Ke7 30. Kf1 f6 31. f4 fxe5 32. fxe5 g5 33. a4 Kd7 34.
axb5 axb5 35. Nd4 Bc6 36. Nxc6 Kxc6 37. Ke2 Bc1 38. b3 Kd5 39. bxc4+ Kxc4 40.
Bd3+ Kxc3 41. Bxb5 Kd4 42. h4 Kxe5 43. hxg5 Bxg5 44. Bd3 Kd4 45. Bc2 e5 46. Kf3
Be3 47. Be4 h5 48. Bg6 Bh6 49. Bxh5 e4+ 50. Ke2 e3 51. Bg6 Ke5 52. Bd3 Kf6 53.
g4 Kg5 54. Bf5 Kf4 55. Be6 Bg5 56. Bf5 Ke5 1/2-1/2

[Event "C.to Italiano U12 femminile"]
[Site "Courmayeur ITA"]
[Date "2013.07.06"]
[Round "9"]
[White "Albi Bachini Conti, Silvia"]
[Black "Giovagnetti, Chiara"]
[WhiteElo "1507"]
[BlackElo "1518"]
[Result "1/2-1/2"]
[PlyCount "48"]
[EventDate "2013.06.30"]

1. e4 c5 2. c3 Nf6 3. e5 Nd5 4. d4 cxd4 5. cxd4 e6 6. Nf3 Nc6 7. Be2 Be7 8. O-O
O-O 9. Bd2 d6 10. exd6 Qxd6 11. Nc3 b6 12. Ne4 Qc7 13. Rc1 a6 14. Ne5 Bb7 15.
Qa4 b5 16. Qc2 Rac8 17. Qd3 Qd8 18. Nxc6 Bxc6 19. Nc5 Bxc5 20. Rxc5 Qf6 21.
Rfc1 Bb7 22. Rxc8 Rxc8 23. Rxc8+ Bxc8 24. Bf3 Qg6 1/2-1/2

[Event "XVII Open Ricciardi"]
[Site "Gallarate ITA"]
[Date "2013.05.28"]
[Round "1"]
[White "Bardelli, Alberto"]
[Black "Collaro, Paolo"]
[WhiteElo "1875"]
[BlackElo "1669"]
[Result "0-1"]
[PlyCount "106"]
[EventDate "2013.05.28"]

1. e4 e5 2. Nf3 Nf6 3. d4 Nxe4 4. dxe5 Bc5 5. Be3 Bxe3 6. fxe3 d5 7. exd6 Nc6
8. Bd3 Nxd6 9. O-O O-O 10. Nc3 Re8 11. Nd5 Bf5 12. Nd4 Bxd3 13. Qxd3 Nxd4 14.
exd4 c6 15. Nf4 Re4 16. Rae1 Qe7 17. Rxe4 Qxe4 18. Qxe4 Nxe4 19. Re1 Re8 20.
Nd3 Kf8 21. Ne5 Nd6 22. Nd7+ Kg8 23. Rxe8+ Nxe8 24. Kf2 Nd6 25. b3 f6 26. Ke3
Kf7 27. Nc5 Nf5+ 28. Kd3 Nd6 29. g4 Ke7 30. a4 b6 31. Ne4 Nxe4 32. Kxe4 Ke6 33.
c4 g6 34. b4 Kd6 35. h4 Ke6 36. h5 a6 37. hxg6 hxg6 38. Kf4 b5 39. d5+ Kd6 40.
axb5 axb5 41. cxb5 cxb5 42. Ke4 f5+ 43. gxf5 gxf5+ 44. Kd4 f4 45. Ke4 f3 46.
Kxf3 Kxd5 47. Ke3 Kc4 48. Kd2 Kxb4 49. Kc1 Kb3 50. Kb1 b4 51. Ka1 Kc2 52. Ka2
b3+ 53. Ka1 b2+ 0-1

[Event "XVII Open Ricciardi"]
[Site "Gallarate ITA"]
[Date "2013.05.28"]
[Round "1"]
[White "Milu, Tatiana"]
[Black "Novi', Giuseppe"]
[WhiteElo "1653"]
[BlackElo "1801"]
[Result "0-1"]
[PlyCount "161"]
[EventDate "2013.05.28"]

1. d4 Nf6 2. c3 g6 3. f4 d6 4. Nf3 Bg7 5. e3 Nbd7 6. Bd3 O-O 7. O-O c5 8. Qe2
cxd4 9. cxd4 a6 10. Bd2 b5 11. a3 Bb7 12. Bc3 Re8 13. f5 e5 14. fxe6 Rxe6 15.
Ng5 Re7 16. Bd2 h6 17. Nh3 Nd5 18. Qf2 N7f6 19. Qg3 Ne4 20. Bxe4 Rxe4 21. Nc3
Nxc3 22. Bxc3 Qd7 23. Nf2 Re7 24. Rae1 Rae8 25. Bd2 Qc6 26. Rc1 Qd5 27. Nd1 Qe6
28. Rf2 Bd5 29. Qf4 Bc4 30. h3 Qd7 31. Nc3 Kh7 32. Qf3 d5 33. Kh2 Kg8 34. Qg3
Re6 35. Qg4 a5 36. Nd1 Qd8 37. Qg3 Bf8 38. Qf3 R8e7 39. Kg1 Bg7 40. Qg3 Re8 41.
Qf4 R8e7 42. Qg3 h5 43. b4 a4 44. Nb2 Bh6 45. Rc3 Qe8 46. Nxc4 dxc4 47. Rf3 Qc6
48. Qf2 Qe4 49. Qf1 Bg7 50. Rf4 Qd5 51. Qf3 Qd6 52. Qa8+ Re8 53. Qf3 Qe7 54.
Qd5 Rb8 55. Qf3 Bh6 56. d5 Re5 57. Rf6 Rd8 58. d6 Rxd6 59. Rxd6 Qxd6 60. Be1
Rf5 61. Qe2 Qf6 62. e4 Re5 63. Rf3 Qe6 64. Bc3 Rxe4 65. Qd1 Bg7 66. Qd8+ Kh7
67. Bxg7 Kxg7 68. Qc7 Re1+ 69. Kh2 Qe5+ 70. Qxe5+ Rxe5 71. Kg1 g5 72. Kf2 h4
73. g3 hxg3+ 74. Kxg3 Re4 75. Kg2 Kg6 76. Kf2 Rd4 77. Ke2 g4 78. hxg4 Rxg4 79.
Re3 Kf6 80. Re8 Rd4 81. Rf8 0-1

[Event "XVII Open Ricciardi"]
[Site "Gallarate ITA"]
[Date "2013.05.28"]
[Round "1"]
[White "Virgilio, Gianluca"]
[Black "Santarelli, Sabatino"]
[WhiteElo "1795"]
[BlackElo "1621"]
[Result "1-0"]
[PlyCount "107"]
[EventDate "2013.05.28"]

1. d4 d5 2. Nf3 Nf6 3. e3 g6 4. Be2 Bg7 5. Nbd2 O-O 6. O-O Nbd7 7. c3 c5 8. b4
c4 9. a4 Re8 10. Ba3 e5 11. Nxe5 Nxe5 12. dxe5 Rxe5 13. Nxc4 Re8 14. Nd2 Bf5
15. Rc1 Rc8 16. Re1 a6 17. c4 dxc4 18. Nxc4 Qxd1 19. Rexd1 Bf8 20. Bb2 Nd7 21.
Bc3 Be6 22. Nd6 Bxd6 23. Rxd6 Ne5 24. b5 axb5 25. Bxb5 Re7 26. Rdd1 Rec7 27.
Bb2 Rxc1 28. Rxc1 Rxc1+ 29. Bxc1 Nc4 30. e4 h5 31. f3 Kf8 32. Kf2 Ke7 33. Bf4
f6 34. Ke2 g5 35. Bg3 h4 36. Be1 Nb6 37. Bb4+ Kf7 38. Kd3 Bb3 39. a5 Na4 40.
Kd4 Ke6 41. Bc4+ Bxc4 42. Kxc4 Nb2+ 43. Kb5 Nd3 44. Bc3 f5 45. exf5+ Kxf5 46.
Kb6 Nf4 47. Kxb7 Nd5 48. Bd2 g4 49. a6 gxf3 50. gxf3 h3 51. a7 Nf4 52. Bxf4
Kxf4 53. a8=Q Kxf3 54. Qg8 1-0

[Event "XVII Open Ricciardi"]
[Site "Gallarate ITA"]
[Date "2013.06.04"]
[Round "2"]
[White "Cunati, Valerio"]
[Black "Deon, Danilo"]
[WhiteElo "1703"]
[BlackElo "1425"]
[Result "1-0"]
[PlyCount "62"]
[EventDate "2013.05.28"]

1. Nf3 c6 2. e4 d5 3. exd5 Nf6 4. dxc6 Nxc6 5. d4 h6 6. Bb5 e6 7. Nc3 Bb4 8.
O-O O-O 9. Bf4 Nd5 10. Nxd5 Qxd5 11. c4 Qd8 12. Bxc6 bxc6 13. Qa4 Qb6 14. Be3
Qb7 15. Ne5 Re8 16. Nxc6 Bd7 17. Qxb4 Qxb4 18. Nxb4 a5 19. Nd3 f6 20. Rfe1 e5
21. d5 f5 22. Nc5 Bc8 23. Bd2 e4 24. f3 Ba6 25. b3 Ra7 26. Bxa5 e3 27. Bb6 Raa8
28. Nxa6 Rxa6 29. Bxe3 g5 30. Bd4 Kf7 31. Rxe8 Kxe8 1-0

[Event "XVII Open Ricciardi"]
[Site "Gallarate ITA"]
[Date "2013.06.04"]
[Round "2"]
[White "Novi', Giuseppe"]
[Black "Collaro, Paolo"]
[WhiteElo "1801"]
[BlackElo "1669"]
[Result "1-0"]
[PlyCount "41"]
[EventDate "2013.05.28"]

1. e4 e5 2. Bc4 Nf6 3. d3 c6 4. Nf3 Be7 5. O-O d6 6. Nbd2 O-O 7. c3 Nbd7 8. Ne1
Nc5 9. f4 b5 10. Bb3 Qb6 11. Kh1 Ng4 12. d4 Nxb3 13. Nxb3 c5 14. fxe5 c4 15.
exd6 Bxd6 16. e5 Be7 17. Qf3 Be6 18. Nd2 Nh6 19. Ne4 f6 20. exf6 Bxf6 21. Nxf6+
1-0

[Event "XVII Open Ricciardi"]
[Site "Gallarate ITA"]
[Date "2013.06.04"]
[Round "2"]
[White "Santarelli, Sabatino"]
[Black "Bardelli, Alberto"]
[WhiteElo "1621"]
[BlackElo "1875"]
[Result "1/2-1/2"]
[PlyCount "115"]
[EventDate "2013.05.28"]

1. e4 c5 2. Nf3 d6 3. c3 Nf6 4. d3 a6 5. Be2 e5 6. O-O Be7 7. h3 O-O 8. Nbd2
Nc6 9. Re1 b5 10. a3 Be6 11. Ng5 Bc8 12. Nf1 d5 13. exd5 Nxd5 14. Ne4 f5 15.
Neg3 Be6 16. Bd2 Rc8 17. Nh2 Qb6 18. Nf3 Bd6 19. Bf1 b4 20. Ng5 Bd7 21. Qb3
Nce7 22. axb4 h6 23. Nf3 e4 24. dxe4 Bxg3 25. c4 cxb4 26. cxd5 Bxf2+ 27. Kh1
Kh8 28. Rxa6 Qb7 29. Rea1 fxe4 30. Ne5 Bf5 31. d6 Nc6 32. Nxc6 Rxc6 33. Rxc6
Qxc6 34. Qxb4 Bc5 35. Qc4 Qxd6 36. Bc3 Rc8 37. Qf7 Qg6 38. Qxg6 Bxg6 39. Be2
Kg8 40. Rd1 Bf5 41. Rd5 Bg6 42. Rd7 Bf7 43. Bg4 Re8 44. Be2 Be3 45. g3 Bg5 46.
Kg2 Bf6 47. Rc7 Rb8 48. Bc4 Bxc4 49. Rxc4 Bxc3 50. bxc3 Rb2+ 51. Kf1 e3 52. Re4
Rf2+ 53. Ke1 Rf3 54. Rg4 h5 55. Rg5 h4 56. gxh4 Rxh3 57. Rg4 Kf7 58. c4 1/2-1/2

[Event "XVII Open Ricciardi"]
[Site "Gallarate ITA"]
[Date "2013.06.11"]
[Round "3"]
[White "Brioschi, Camillo"]
[Black "Cunati, Valerio"]
[WhiteElo "1756"]
[BlackElo "1703"]
[Result "1/2-1/2"]
[PlyCount "52"]
[EventDate "2013.05.28"]

1. d4 Nf6 2. c4 c6 3. g3 g6 4. Nc3 Bg7 5. Bg2 d6 6. Nf3 O-O 7. O-O Bg4 8. Bf4
Nbd7 9. Qd2 Re8 10. Rad1 Bxf3 11. Bxf3 e5 12. dxe5 dxe5 13. Bg5 Qb6 14. Ne4
Nxe4 15. Bxe4 Nf6 16. Bxf6 Bxf6 17. Qc2 Rad8 18. c5 Qc7 19. e3 Rxd1 20. Rxd1
Rd8 21. b4 Rxd1+ 22. Qxd1 Qd8 23. Qxd8+ Bxd8 24. b5 f5 25. Bd3 e4 26. Bc4+ Kg7
1/2-1/2

[Event "XVII Open Ricciardi"]
[Site "Gallarate ITA"]
[Date "2013.06.11"]
[Round "3"]
[White "Deon, Danilo"]
[Black "Colusso, Ermes"]
[WhiteElo "1425"]
[BlackElo "1752"]
[Result "1/2-1/2"]
[PlyCount "137"]
[EventDate "2013.05.28"]

1. e4 c5 2. Nc3 Nc6 3. g3 g6 4. Bg2 Bg7 5. d3 e6 6. Nge2 Nge7 7. O-O O-O 8. Be3
Nd4 9. Rb1 Nec6 10. a3 a5 11. Qd2 d6 12. Nd1 Nxe2+ 13. Qxe2 Nd4 14. Qd2 b5 15.
e5 Ra6 16. b3 Qc7 17. c3 Nf5 18. d4 dxe5 19. Qe2 Nxe3 20. fxe3 exd4 21. exd4
cxd4 22. cxd4 Qb6 23. Kh1 Bb7 24. Bxb7 Qxb7+ 25. Kg1 Rd6 26. Qf3 Bxd4+ 27. Kg2
Qc7 28. Qe2 Qc6+ 29. Kh3 e5 30. Ne3 Bxe3 31. Qxe3 Qd7+ 32. Kg2 Rd2+ 33. Rf2
Qd5+ 34. Kh3 Rxf2 35. Qxf2 Rd8 36. b4 a4 37. Rb2 Qd4 38. Qxd4 Rxd4 39. Kg2 f5
40. h4 Rd3 41. Ra2 Kf7 42. Kf2 Ke6 43. Rc2 Kd6 44. Rc8 Rxa3 45. Rc5 Rb3 46.
Rxb5 a3 47. Ra5 Rb2+ 48. Ke3 a2 49. b5 Rxb5 50. Rxa2 Rb3+ 51. Kf2 Rb6 52. Ra7
h5 53. Rg7 Kd5 54. Ra7 Rd6 55. Ke3 Ke6 56. Ra8 Kf7 57. Ra5 Re6 58. Ra7+ Kf6 59.
Rd7 g5 60. hxg5+ Kxg5 61. Rg7+ Rg6 62. Re7 f4+ 63. gxf4+ exf4+ 64. Kf3 Rf6 65.
Rg7+ Kh6 66. Rg1 Rf8 67. Rg2 h4 68. Rg4 Kh5 69. Rxf4 1/2-1/2

[Event "XVII Open Ricciardi"]
[Site "Gallarate ITA"]
[Date "2013.06.11"]
[Round "3"]
[White "Milu, Tatiana"]
[Black "Santarelli, Sabatino"]
[WhiteElo "1653"]
[BlackElo "1621"]
[Result "1-0"]
[PlyCount "131"]
[EventDate "2013.05.28"]

1. d4 d5 2. c3 Nf6 3. f4 Bg4 4. Nf3 Bxf3 5. exf3 e6 6. Bd3 c5 7. Bb5+ Nbd7 8.
O-O a6 9. Bxd7+ Qxd7 10. Be3 Rc8 11. Qe2 Bd6 12. dxc5 Bxc5 13. Bxc5 Rxc5 14.
Nd2 O-O 15. Qe3 Rcc8 16. Rfe1 Rfe8 17. Qd4 Qc7 18. Nb3 Nh5 19. Qe5 Nxf4 20.
Qxc7 Rxc7 21. Re3 h6 22. Rae1 b6 23. g3 Ng6 24. f4 Ne7 25. Nd4 g6 26. g4 Rec8
27. Kf2 Nc6 28. Nxc6 Rxc6 29. f5 gxf5 30. gxf5 exf5 31. Re5 Rd8 32. Rxf5 Re6
33. Rg1+ Kf8 34. Rd1 Red6 35. Rd4 b5 36. a3 R8d7 37. Kf3 Kg7 38. h4 Kg6 39.
Rdf4 f6 40. h5+ Kf7 41. Rd4 Ke6 42. Rdf4 Rf7 43. Ke3 Kd7 44. Kd4 Kc6 45. Rg4
Re7 46. Rg6 Re4+ 47. Kd3 Re5 48. Rfxf6 Rxf6 49. Rxf6+ Kd7 50. Rxh6 a5 51. Kd4
Rg5 52. b4 axb4 53. cxb4 Rg3 54. Kxd5 Rxa3 55. Rh7+ Ke8 56. Kc5 Rg3 57. Kxb5
Rg5+ 58. Kb6 Kf8 59. b5 Kg8 60. Rh6 Rf5 61. Ka6 Kg7 62. Rc6 Rxh5 63. b6 Rh2 64.
b7 Ra2+ 65. Kb6 Rb2+ 66. Kc7 1-0

[Event "XVII Open Ricciardi"]
[Site "Gallarate ITA"]
[Date "2013.06.11"]
[Round "3"]
[White "Virgilio, Gianluca"]
[Black "Novi', Giuseppe"]
[WhiteElo "1795"]
[BlackElo "1801"]
[Result "0-1"]
[PlyCount "62"]
[EventDate "2013.05.28"]

1. d4 Nf6 2. Nf3 g6 3. Nbd2 Bg7 4. e4 d6 5. c3 O-O 6. Bd3 Nbd7 7. a4 c5 8. b4
cxb4 9. cxb4 Qb6 10. Nc4 Qc7 11. Ba3 Nxe4 12. Rc1 Nef6 13. b5 Qd8 14. O-O b6
15. Re1 Bb7 16. Ne3 Rc8 17. Bc4 Re8 18. Bxf7+ Kxf7 19. Ng5+ Kg8 20. Qb3+ d5 21.
Ne6 Rxc1 22. Rxc1 Qb8 23. Rc6 Nf8 24. Nxd5 Nxe6 25. Nxe7+ Kh8 26. Rxe6 Bd5 27.
Qh3 Bxe6 28. Qxe6 Ng8 29. d5 Nxe7 30. Bxe7 Qc7 31. Qc6 Qxe7 0-1

[Event "XVII Open Ricciardi"]
[Site "Gallarate ITA"]
[Date "2013.06.18"]
[Round "4"]
[White "Brioschi, Camillo"]
[Black "Bardelli, Alberto"]
[WhiteElo "1756"]
[BlackElo "1875"]
[Result "0-1"]
[PlyCount "32"]
[EventDate "2013.05.28"]

1. d4 Nf6 2. c4 g6 3. Nc3 d5 4. Bf4 Bg7 5. e3 O-O 6. Bd3 c5 7. dxc5 Qa5 8. Nge2
Rd8 9. Qb3 Nbd7 10. Qb5 Qxb5 11. Nxb5 Nxc5 12. Bc2 Bd7 13. O-O dxc4 14. Nbd4
Nd5 15. Rad1 e5 16. Nf3 Nb4 0-1

[Event "XVII Open Ricciardi"]
[Site "Gallarate ITA"]
[Date "2013.06.18"]
[Round "4"]
[White "Collaro, Paolo"]
[Black "Deon, Danilo"]
[WhiteElo "1669"]
[BlackElo "1425"]
[Result "1/2-1/2"]
[PlyCount "42"]
[EventDate "2013.05.28"]

1. e4 c6 2. Nf3 d5 3. exd5 cxd5 4. Ne5 Nf6 5. d4 a6 6. Bd3 e6 7. c3 Be7 8. Nd2
Nc6 9. f4 O-O 10. Ndf3 Ne4 11. Be3 f6 12. Nxc6 bxc6 13. Qc2 Rb8 14. O-O f5 15.
Ne5 Rb6 16. c4 Bd7 17. c5 Rb7 18. Bxa6 Ra7 19. Be2 Bf6 20. b4 Bxe5 21. fxe5 Qc7
1/2-1/2

[Event "XVII Open Ricciardi"]
[Site "Gallarate ITA"]
[Date "2013.06.18"]
[Round "4"]
[White "Colusso, Ermes"]
[Black "Virgilio, Gianluca"]
[WhiteElo "1752"]
[BlackElo "1795"]
[Result "0-1"]
[PlyCount "72"]
[EventDate "2013.05.28"]

1. e4 c5 2. b4 cxb4 3. d4 g6 4. a3 bxa3 5. Nxa3 Bg7 6. Nf3 d6 7. h3 Nf6 8. Bd3
O-O 9. O-O Nc6 10. c3 b6 11. Re1 e6 12. Bf4 Na5 13. Nb5 Ne8 14. Rc1 a6 15. Na3
b5 16. Nc2 Bb7 17. Ne3 Nf6 18. e5 dxe5 19. Nxe5 Nd5 20. Nxd5 Bxd5 21. Be4 Bxe4
22. Rxe4 Qd5 23. Re1 Rfc8 24. Nd3 Qb3 25. Qf3 Qd5 26. Qd1 Nb3 27. Rc2 a5 28.
Be5 Bxe5 29. Rxe5 Qc6 30. Nc5 Nxc5 31. Rxc5 Qb7 32. Re5 b4 33. cxb4 axb4 34.
Rec5 Rd8 35. R2c4 b3 36. Rc3 b2 0-1

[Event "XVII Open Ricciardi"]
[Site "Gallarate ITA"]
[Date "2013.06.18"]
[Round "4"]
[White "Novi', Giuseppe"]
[Black "Cunati, Valerio"]
[WhiteElo "1801"]
[BlackElo "1703"]
[Result "1-0"]
[PlyCount "48"]
[EventDate "2013.05.28"]

1. e4 e5 2. Nf3 Nc6 3. Bb5 a6 4. Ba4 Nf6 5. O-O b5 6. Bb3 Bc5 7. Re1 O-O 8. c3
d6 9. d4 exd4 10. cxd4 Bb6 11. h3 Bb7 12. Nc3 h6 13. Bf4 Re8 14. Rc1 Na5 15.
Bc2 b4 16. Nd5 Bxd5 17. exd5 Nxd5 18. Qd3 Nf6 19. Bg3 g5 20. Qf5 Rxe1+ 21. Rxe1
d5 22. Be5 Ne4 23. Rxe4 Qc8 24. Qf6 Kf8 1-0

[Event "XVII Open Ricciardi"]
[Site "Gallarate ITA"]
[Date "2013.06.25"]
[Round "5"]
[White "Bardelli, Alberto"]
[Black "Novi', Giuseppe"]
[WhiteElo "1875"]
[BlackElo "1801"]
[Result "0-1"]
[PlyCount "82"]
[EventDate "2013.05.28"]

1. e4 c6 2. d4 d5 3. Nc3 dxe4 4. Nxe4 Bf5 5. Ng3 Bg6 6. h4 h6 7. Nf3 Nd7 8. h5
Bh7 9. Bd3 Bxd3 10. Qxd3 Ngf6 11. Bd2 e6 12. O-O-O Bd6 13. Ne4 Nxe4 14. Qxe4
Nf6 15. Qe2 Qb6 16. c4 Qa6 17. Kb1 O-O 18. Bc3 Nd5 19. Bd2 Bb4 20. Ne5 Bxd2 21.
Qxd2 Nb6 22. b3 f6 23. Ng4 Rad8 24. Nxh6+ gxh6 25. Qxh6 Rd7 26. Qg6+ Rg7 27.
Qe4 Re8 28. h6 Rg5 29. f4 Rg4 30. Rh5 Nd7 31. Rg5+ Rxg5 32. fxg5 f5 33. Qf4 b5
34. d5 bxc4 35. dxe6 cxb3 36. axb3 Rxe6 37. Qxf5 Qe2 38. Rxd7 Qe1+ 39. Kc2 Re2+
40. Kd3 Re3+ 41. Kc2 Qc3+ 0-1